| 000 -ლიდერი |
| ფიქსირებული სიგრძის საკონტროლო ველი |
03048nam a2200277Ia 4500 |
| 001 - საკონტროლო ნომერი |
| საკონტროლო ველი |
23454 |
| 003 - საკონტროლო ნომრის იდენტიფიკატორი |
| საკონტროლო ველი |
GE_BSU |
| 005 - ბოლო ოპერაციის თარიღი და დრო |
| საკონტროლო ველი |
20260116193646.0 |
| 008 - ფიქსირებული სიგრძის მონაცემთა ელემენტები - ზოგადი ინფორმაცია |
| ფიქსირებული სიგრძის საკონტროლო ველი |
181216s1998||||ge |||||||||||||| ||geo|| |
| 040 ## - კატალოგიზაციის წყარო |
| Transcribing agency |
GE_BSU |
| 041 ## - ენის კოდი |
| Language code of text/sound track or separate title |
geo |
| 080 ## - უნივერსალური ათობითი კლასიფიკაციის ინდექსი |
| Universal Decimal Classification number |
94(479.22)"1918.05" + 325.8(479.22) ს-50 |
| 100 ## - მთავარი ჩანაწერი - პიროვნების სახელი |
| Personal name |
სილაგაძე, აპოლონ |
| 9 (RLIN) |
2412 |
| 245 ## - ცნობა სათაურის შესახებ |
| Title |
საქართველოს სახელმწიფოებრივი დამოუკიდებლობის აღდგენა 1917-1918 / |
| Statement of responsibility, etc |
აპოლონ სილაგაძე, ვახტანგ გურული ; რედ.: ვალერიან მაჭარაძე. |
| 264 ## - წარმოების, გამოცემის, დისტრიბუციის და სხვა ცნობები |
| გამოცემის, წარმოების, დისტრიბუციის... ადგილი |
თბილისი : |
| გამოცემის, წარმოების, დისტრიბუციის... სახელწოდება |
ინტელექტი, |
| გამოცემის, წარმოების, დისტრიბუციის... თარიღი |
1998. |
| 300 ## - ფიზიკური აღწერა |
| Extent |
168 გვ. ; |
| Dimensions |
20 სმ. |
| 500 ## - ზოგადი შენიშვნა |
| General note |
ნაშრომის პირველ ნაწილში საარქივო დოკუმენტებისა და მასალებზე დაყრდნობით გაშუქებულია საქართველოს სახელმწიფოებრივი დამოუკიდებლობის აღდგენის ისტორია 1917-1918 წლებში |
| 500 ## - ზოგადი შენიშვნა |
| General note |
დახასიათებულია საქართველოში ეროვნული მოძრაობის ძირითადი ეტაპები 1801 წლიდან 1917 წლამდე. მეორე ნაწილი ეთმობა დოკუმენტებსა და მასალებს |
| 520 ## - SUMMARY, ETC. |
| Summary, etc |
ნაშრომის პირველ ნაწილში საარქივო დოკუმენტებისა და მასალებზე დაყრდნობით გაშუქებულია საქართველოს სახელმწიფოებრივი დამოუკიდებლობის აღდგენის ისტორია 1917-1918 წლებში. დახასიათებულია საქართველოში ეროვნული მოძრაობის ძირითადი ეტაპები 1801 წლიდან 1917 წლამდე. მეორე ნაწილი ეთმობა დოკუმენტებსა და მასალებს |
| 653 ## - INDEX TERM--UNCONTROLLED |
| Uncontrolled term |
ისტორია |
| 653 ## - INDEX TERM--UNCONTROLLED |
| Uncontrolled term |
1918 წლის 26 მაისი -- საქართველოს დამოუკიდებლობის გამოცხადება |
| 653 ## - INDEX TERM--UNCONTROLLED |
| Uncontrolled term |
ეროვნულ-განმათავისუფლებელი მოძრაობა საქართველოში. 1918-1921 წლები -- საქართველოს დემოკრატიული რესპუბლიკა |
| 700 ## - ADDED ENTRY--PERSONAL NAME |
| Personal name |
გურული, ვახტანგ |
| Relator term |
ავტორი |
| 9 (RLIN) |
26699 |
| 942 ## - ADDED ENTRY ELEMENTS (KOHA) |
| Koha item type |
წიგნი |
| Source of classification or shelving scheme |
|